Prosperity Factors of Agricultural Companies in the SR in the LFA after the EU Integration
Analýza, ako podniky hospodáriace v marginálnych podmienkach realizujú princípy a ciele hospodárenia, vymedzené pre oblasti horších výrobných podmienok (LFA). Získané poznatky naznačujú, že manažéri značnej časti podnikov nerešpektujú odporúčania a usilujú o intenzívnu výrobnú činnosť aj v nevýhodný...
Guardado en:
| Autor principal: | |
|---|---|
| Otros Autores: | |
| Formato: | Capítulo de libro |
| Lenguaje: | inglés |
| Materias: | |
| Etiquetas: |
Sin Etiquetas, Sea el primero en etiquetar este registro!
|
MARC
| LEADER | 00000naa$a2200000$$$4500 | ||
|---|---|---|---|
| 001 | 0087273 | ||
| 005 | 20240502083228.4 | ||
| 041 | 0 | |a eng | |
| 044 | |a CZ | ||
| 245 | 1 | 0 | |a Prosperity Factors of Agricultural Companies in the SR in the LFA after the EU Integration |c Ľuboslav Szabo, Miroslav Grznár |
| 520 | |a Analýza, ako podniky hospodáriace v marginálnych podmienkach realizujú princípy a ciele hospodárenia, vymedzené pre oblasti horších výrobných podmienok (LFA). Získané poznatky naznačujú, že manažéri značnej časti podnikov nerešpektujú odporúčania a usilujú o intenzívnu výrobnú činnosť aj v nevýhodných výrobných podmienkach. | ||
| 610 | 2 | 0 | |a podnik poľnohospodársky |
| 610 | 2 | 0 | |a prostredie podnikateľské |
| 610 | 2 | 0 | |a štruktúra výroby |
| 610 | 2 | 0 | |a výsledok hospodársky |
| 100 | 1 | |a Szabo, Ľuboslav | |
| 700 | 1 | |a Grznár, Miroslav | |